00000000nam##2200000za#4500
0019.648281
003CaOODSP
00520210615113022
007ta
008150407|2000||||xxc|||||     f|0| 0 eng|d
020 |a0-662-30943-X
040 |aCaOODSP|beng
043 |an-cn---
0861 |aM92-232/2000E
1101 |aCanada.|bNatural Resources Canada. |bEnergy Sector.
24510|aHeating your building with solar energy : |befficient, simple and cost effective
260 |aOttawa - Ontario : |bNatural Resources Canada. |c2000.
300 |a5p. : |bcoloured illus. ; |c28 cm.
563 |aSoftcover
590 |a01-38|b2001-09-21
69007|aSolar energy|2gcpds
77508|tChauffer votre immeuble avec l'énergie solaire : |w(CaOODSP)9.681587
7760#|tHeating your building with solar energy : |w(CaOODSP)9.695439